|
|
|
|
| LEADER |
00000nab a2200000 a 4500 |
| 001 |
vtls000074267 |
| 003 |
SK-MaSNL |
| 005 |
20260304014735.0 |
| 008 |
241209c1980 xo 0 slo |
| 015 |
|
|
|a SNBRB19rr/mm-uuuuu
|
| 035 |
|
|
|a CL0084368
|
| 040 |
|
|
|a SNKBUCL
|b slo
|c SNKBUCL
|e AACR2
|
| 041 |
1 |
|
|a slo
|h rus
|
| 044 |
|
|
|a xo
|c SK
|
| 080 |
|
|
|a 882-1
|2 1981
|
| 100 |
1 |
|
|a Blok, Aleksandr Aleksandrovič,
|d 1880-1921
|4 aut
|9 123171
|
| 245 |
1 |
0 |
|a Rus
|c Alexander Blok ; preložil Ján Zambor
|
| 655 |
|
7 |
|a články z novín a časopisov
|2 snkbucl
|9 267496
|
| 655 |
|
7 |
|a články z odboru literárna veda a krásna literatúra
|2 snkbucl
|9 770045
|
| 655 |
|
7 |
|a ruská poézia
|2 snkbucl
|9 70731
|
| 700 |
1 |
|
|a Zambor, Ján,
|d 1947-
|4 trl
|9 106743
|
| 773 |
0 |
|
|t Nové slovo
|g Roč. 22, č. 48 (1980), s. 17
|
| 850 |
|
|
|a Slovenská národná knižnica
|
| 852 |
|
|
|a Slovenská národná knižnica
|
| 958 |
|
|
|a RK
|
| 958 |
|
|
|a LX
|
| 992 |
|
|
|a RBX
|
| 999 |
|
|
|c 2587314
|d 2589244
|